History Quiz

Random History or Century Quiz

Picture Click Timeline: 20th C. Quiz Stats

 Plays Quiz Updated Mar 16, 2016

Challenge
Share
Tweet
Score 0/12 Timer 03:00
2 Plays Today
% Correct
Exxon Valdez accident
1989
88.5%
Titanic Sinks
1912
83.7%
Pearl Harbor Attack
1941
75.1%
Nixon Resigns
1974
69.8%
Death of James Dean
1955
66.4%
Golden Gate Bridge Opens
1937
66.2%
First Space Shuttle launch
1981
61%
Iran Hostage Crisis Begins
1979
58.3%
Woodstock
1969
58%
MLK Assassination
1968
55.7%
Capone convicted
1931
53.5%
1st Miss America Pageant
1921
49.7%

You're not logged in!

Compare scores with friends on all Sporcle quizzes.
Join for Free
OR
Log In

You Might Also Like...

Show Comments

Extras

Top Quizzes Today


Score Distribution

Your Account Isn't Verified!

In order to create a playlist on Sporcle, you need to verify the email address you used during registration. Go to your Sporcle Settings to finish the process.

Report this User

Report this user for behavior that violates our Community Guidelines.

Details: